Guidance on unfair terms in holiday caravan agreements (Record no. 104593)

MARC details
000 -LEADER
fixed length control field 01401cam a2200193 4500
001 - CONTROL NUMBER
control field L130885
008 - FIXED-LENGTH DATA ELEMENTS--GENERAL INFORMATION
fixed length control field 050912n2005 000 0 eng u
035 ## - SYSTEM CONTROL NUMBER
System control number (Sirsi) u130885
041 0# - LANGUAGE CODE
Language code of text/sound track or separate title eng
110 ## - MAIN ENTRY--CORPORATE NAME
Corporate name or jurisdiction name as entry element Office of Fair Trading
9 (RLIN) 1355
245 ## - TITLE STATEMENT
Title Guidance on unfair terms in holiday caravan agreements
Medium [electronic resource]
260 ## - PUBLICATION, DISTRIBUTION, ETC.
Place of publication, distribution, etc. London
Name of publisher, distributor, etc. OFT
Date of publication, distribution, etc. 2005
520 ## - SUMMARY, ETC.
Summary, etc. OFT guidance sets out to help make caravan contract terms clearer and fairer. It explains why the OFT considers some standard contract terms used in holiday caravan agreements to be potentially unfair under the Unfair Terms in Consumer Contracts Regulations 1999. The guidance deals only with the potential unfairness of terms used in agreements for holiday caravans also known as caravan holiday homes or lodges. These are static caravans that are stationed on a plot on a caravan site licensed for this purpose. OFT has also published a consumer leaflet "A fair pitch for your holiday caravan - a guide to agreements for static holiday caravans".
590 ## - LOCAL NOTE (RLIN)
Local note IKA130905
650 ## - SUBJECT ADDED ENTRY--TOPICAL TERM
Topical term or geographic name entry element UNFAIR TERMS IN CONSUMER CONTRACTS REGULATIONS 1999
690 ## - LOCAL SUBJECT ADDED ENTRY--TOPICAL TERM (OCLC, RLIN)
Topical term or geographic name as entry element PROPERTY-RESIDENTIAL PROPERTY-TEMPORARY AND MOBILE RESIDENTIAL PROPERTY
856 ## - ELECTRONIC LOCATION AND ACCESS
Uniform Resource Identifier <a href="https://assets.publishing.service.gov.uk/government/uploads/system/uploads/attachment_data/file/616961/oft734.pdf">https://assets.publishing.service.gov.uk/government/uploads/system/uploads/attachment_data/file/616961/oft734.pdf</a>
Public note View the guidance and the leaflet on .gov.uk
942 ## - ADDED ENTRY ELEMENTS (KOHA)
Suppress in OPAC 0
Source of classification or shelving scheme Dewey Decimal Classification
Holdings
Withdrawn status Lost status Source of classification or shelving scheme Damaged status Not for loan Home library Current library Shelving location Date acquired Total Checkouts Full call number Date last seen Copy number Price effective from Koha item type
    Dewey Decimal Classification     Virtual Virtual Online 12/09/2005   ONLINE PUBLICATION 28/01/2025 1 06/08/2019 Book